| 000 | 00421nam a22001337a 4500 | ||
|---|---|---|---|
| 008 | 131202b xxu||||| |||| 00| 0 eng d | ||
| 050 | _aPR4453.C4Z92 1958 | ||
| 100 |
_aSullivan, John _94605 |
||
| 245 |
_aG.K. Chesterton _bA biography _cJohn Sullivan |
||
| 260 |
_aLondon _bUniversity of London Press _c1958 |
||
| 300 |
_a208p.; _c22cm. |
||
| 650 |
_aChesterton, Gilbert Keith _xBibliography _94606 |
||
| 942 |
_2lcc _cMONOGRAPH |
||
| 999 |
_c118908 _d118908 |
||